000 00404nam a2200157 i 4500
001 bg
100 1 _aDAMASKIN, Boris Borisovic
245 0 _aVvedenie v elektrochimiceskuju kinetiku /
_cBoris B. Damaskin, Oleg A. Petrij.
260 _aMoskva,
_c1975.
700 1 _aPETRIJ, Oleg A.
040 _cBPK
041 _apol
080 _a541.13
942 _cKS
008 s pl f |000 0 pol
999 _c27381
_d27381
856 _uhttp://koha.tu.koszalin.pl/cgi-bin/koha/opac-detail.pl?biblionumber=27381
_yKatalog online BPK